ফেীজদারী কার্যবিধির ভাষ্য/ (Record no. 2508)
[ view plain ]
| 000 -LEADER | |
|---|---|
| fixed length control field | 00809nam a2200229Ia 4500 |
| 003 - CONTROL NUMBER IDENTIFIER | |
| control field | BUBTL |
| 008 - FIXED-LENGTH DATA ELEMENTS--GENERAL INFORMATION | |
| fixed length control field | 151213s9999 xx 000 0 und d |
| 041 ## - LANGUAGE CODE | |
| Language code of text/sound track or separate title | বাংলা |
| 082 ## - DEWEY DECIMAL CLASSIFICATION NUMBER | |
| Classification number | 345.05/ R1293m/ 2006 |
| 100 ## - MAIN ENTRY--PERSONAL NAME | |
| Personal name | রহমান, গাজী শামছুর |
| 9 (RLIN) | 5292 |
| 245 ## - TITLE STATEMENT | |
| Title | ফেীজদারী কার্যবিধির ভাষ্য/ |
| Statement of responsibility, etc. | গাজী শামছুর রহমান। |
| 250 ## - EDITION STATEMENT | |
| Edition statement | ৭ম সং |
| 260 ## - PUBLICATION, DISTRIBUTION, ETC. (IMPRINT) | |
| Place of publication, distribution, etc. | ঢাকা |
| Name of publisher, distributor, etc. | খোশরোজ কিতাব মহল। |
| Date of publication, distribution, etc. | c2006 |
| 300 ## - PHYSICAL DESCRIPTION | |
| Extent | [160],1162p. : |
| Other physical details | ill. ; 21 cm. |
| 526 ## - STUDY PROGRAM INFORMATION NOTE | |
| Program name | Law |
| 650 ## - SUBJECT ADDED ENTRY--TOPICAL TERM | |
| Topical term or geographic name as entry element | Law |
| 650 ## - SUBJECT ADDED ENTRY--TOPICAL TERM | |
| Topical term or geographic name as entry element | |
| 700 ## - ADDED ENTRY--PERSONAL NAME | |
| Personal name | গাজী শামছুর রহমান। |
| 9 (RLIN) | 4214 |
| 856 ## - ELECTRONIC LOCATION AND ACCESS | |
| Password | 0 |
| Logon | 0 |
| Link text | Download |
| 942 ## - ADDED ENTRY ELEMENTS (KOHA) | |
| Source of classification or shelving scheme | |
| Koha item type | Books |
| Withdrawn status | Lost status | Source of classification or shelving scheme | Damaged status | Not for loan | Collection code | Permanent location | Current location | Shelving location | Date acquired | Source of acquisition | Inventory number | Total Checkouts | Total Renewals | Full call number | Barcode | Date last seen | Date last checked out | Copy number | Price effective from | Koha item type |
|---|---|---|---|---|---|---|---|---|---|---|---|---|---|---|---|---|---|---|---|---|
| Non-fiction | Bangladesh University of Business and Technology Library | Bangladesh University of Business and Technology Library | Law Stacks | 04/26/2007 | Purchase | 3711 | 2 | 1 | 345.05/ R1293m/ 2006 | BUBTL-20033711 | 10/23/2023 | 10/12/2023 | C-1 | 08/11/2023 | Books | |||||
| Not For Loan | Non-fiction | Bangladesh University of Business and Technology Library | Bangladesh University of Business and Technology Library | Law Stacks | 04/26/2007 | Purchase | 3712 | 345.05/ R1293m/ 2006 | BUBTL-20033712 | 08/11/2023 | C-2 | 08/11/2023 | Books | |||||||
| Non-fiction | Bangladesh University of Business and Technology Library | Bangladesh University of Business and Technology Library | Law Stacks | 04/26/2007 | Purchase | 3710 | 345.05/ R1293m/ 2006 | BUBTL-20033710 | 08/11/2023 | C-3 | 08/11/2023 | Books |
